000 00537nam a2200169 i 4500
001 31004
003 ES-MaACL
007 t|
008 030128s1969 mx ||||1| spa d
100 1 _aBatten, T. R.
_926478
245 1 4 _aLas comunidades y su desarrollo /
_cT.R. Batten ; [traducción... Emma Susana Speratti Piñero].
250 _a[3ª ed.].
260 _aMéxico :
_bFondo de Cultura Económica,
_c[1969]
300 _a199 p. ;
_c21 cm.
700 1 _aSperatti Piñero, Emma Susana.
_9107698
852 _aES-MaACL
_jE-6335
_bR.90556
999 _c31004
_d31004